Commodity price instability under globalisation: A study of Indias plantation crops (Record no. 55895)

MARC details
000 -LEADER
fixed length control field 00588nam a2200145Ia 4500
100 ## - MAIN ENTRY--AUTHOR NAME
Personal name Anoopkumar M
245 #0 - TITLE STATEMENT
Title Commodity price instability under globalisation: A study of Indias plantation crops
260 ## - PUBLICATION, DISTRIBUTION, ETC. (IMPRINT)
Name of publisher National Seminar on Building Competitiveness in a Globalised World: Experience of Indias Plantation Sector, 23-24 January 2012, Centre for Development Studies, Thiruvananthapuram, India, pp.92-126.
650 ## - SUBJECT ADDED ENTRY--TOPICAL TERM
Topical Term Commodity price
650 ## - SUBJECT ADDED ENTRY--TOPICAL TERM
Topical Term Globalisation
650 ## - SUBJECT ADDED ENTRY--TOPICAL TERM
Topical Term India
650 ## - SUBJECT ADDED ENTRY--TOPICAL TERM
Topical Term Plantation sector
942 ## - ADDED ENTRY ELEMENTS (KOHA)
Koha item type Journals
Holdings
Withdrawn status Lost status Damaged status Not for loan Home library Current library Shelving location Date acquired Koha item type
      Journals RRII Library RRII Library Economics 01/01/2021 Journals